100 Biggest Cities of Brazil on a Map - Statistics

General Stats
  • This quiz has been taken 649 times
  • The average score is 33 of 100
Answers on the Map
Answers color-coded by a green-red scale on the quiz's map according to % correct below.
 
Answer Stats
Population City % Correct
11,877,700 São Paulo
99%
6,729,830 Rio de Janeiro
98%
2,877,690 Brasília
96%
2,257,580 Manaus
94%
2,416,339 Belo Horizonte
91%
2,568,928 Salvador
90%
1,386,800 Porto Alegre
89%
1,587,707 Recife
89%
2,574,412 Fortaleza
86%
1,391,270 Belém
84%
1,829,225 Curitiba
81%
785,368 Natal
70%
1,492,330 Goiânia
65%
1,179,610 Campinas
62%
1,079,840 São Luís
62%
573,800 Florianópolis
60%
429,250 Santos
55%
342,800 Vitória
49%
888,100 João Pessoa
48%
939,730 Campo Grande
47%
667,140 Cuiabá
44%
855,820 Teresina
44%
994,130 Maceió
43%
1,344,720 Guarulhos
42%
440,530 Porto Velho
41%
742,790 Uberlândia
41%
457,300 Boa Vista
40%
458,040 Macapá
39%
362,620 Rio Branco
38%
628,830 Aracaju
36%
552,770 Londrina
35%
289,040 São José
34%
634,670 Joinville
33%
293,830 Foz do Iguaçu
32%
311,310 Palmas
31%
370,420 Blumenau
30%
725,680 Ribeirão Preto
28%
960,380 São Gonçalo
28%
864,250 Duque de Caxias
26%
516,720 Niterói
26%
315,460 Pelotas
26%
285,970 Petrópolis
26%
420,880 Campina Grande
25%
458,360 Caxias do Sul
25%
611,720 Feira de Santana
25%
413,190 Maringá
25%
346,310 Uberaba
25%
839,550 Nova Iguaçu
24%
756,940 Osasco
24%
404,720 Anápolis
23%
556,190 Juiz de Fora
23%
371,690 Petrolina
23%
345,720 Cascavel
22%
836,600 São Bernardo do Campo
22%
714,070 São José dos Campos
22%
751,980 Sorocaba
22%
445,870 Jundiaí
21%
427,260 Betim
20%
404,118 Diadema
20%
365,402 Olinda
20%
776,050 Santo André
20%
452,870 Campos dos Goytacazes
19%
358,930 Franca
19%
293,000 Juazeiro do Norte
19%
492,620 Vila Velha
19%
380,970 Bauru
18%
432,080 Mogi das Cruzes
18%
410,590 Montes Claros
18%
362,590 Ponta Grossa
18%
497,480 São José do Rio Preto
18%
569,640 Serra
18%
506,270 Ananindeua
17%
649,090 Contagem
17%
294,160 Guarujá
17%
678,350 Jaboatão dos Guararapes
17%
423,860 Piracicaba
17%
550,280 Aparecida de Goiânia
16%
364,440 Praia Grande
16%
338,100 São Vicente
16%
345,540 Vitória da Conquista
16%
518,263 Belford Roxo
15%
359,554 Canoas
15%
428,060 Mauá
15%
315,910 Taubaté
15%
330,220 Barueri
14%
357,670 Caruaru
14%
324,350 São José dos Pinhais
14%
314,690 Suzano
14%
312,540 Camaçari
13%
291,640 Limeira
13%
310,940 Várzea Grande
13%
466,536 São João de Meriti
11%
329,790 Caucaia
10%
382,510 Itaquaquecetuba
10%
398,462 Carapicuíba
9%
371,160 Cariacica
9%
341,690 Ribeirão das Neves
9%
288,130 Parauapebas
8%
288,510 Sumaré
8%
362,770 Paulista
7%
No matching quizzes found
Score Distribution
Percent of People with Each Score
Percentile by Number Answered
Your Score History
You have not taken this quiz